000 00688nam a2200229 a 4500
001 086791
003 BD-ChCU
005 20230204165743.0
008 2011s2015 abg b 001 eng
020 _a978 81 8473 396 9
040 _aDLC
_cDLC
_dBD-ChCU
082 0 0 _a615.9/W746
100 1 _a
_c
245 1 0 _aWilson and Gisvold's textbook of roganic medicinal and pharmaceutical chemistry
_c
_c
250 _a12th ed.
260 _aNew Delhi
_cWalter Kluwer
_c2011
300 _ax,1010pg.
504 _aIncludes index and bibliographical reference (p974-p975).
650 0 _aPharmaceutical chemistry
_cOrganic Medicinal
700 1 _aBeale, John M
942 _2ddc
_cBK
999 _c86791
_d86791